000
00328 a2200157 4500
001
75630
020
_a
040
_c
Anchieta - Colégio São Paulo
100
_a
Gouveia, Osvaldo
240
1
0
_a
Irmã Dulce:
_l
por
245
1
0
_a
Irmã Dulce:
300
_a
51
362
0
_a
2016
650
4
_a
Literatura juvenil
942
_c
BK
999
_c
75630
_d
75630